[Event "Hastings 0203 78th"]
[Site "Hastings"]
[Date "2003.01.02"]
[Round "6"]
[White "Nielsen, Peter Heine"]
[Black "Sasikiran, Krishnan"]
[Result "0-1"]
[WhiteElo "2620"]
[BlackElo "2670"]
[Annotator "Finkel,A"]
[PlyCount "88"]
[EventDate "2002.12.28"]
[EventType "tourn"]
[EventRounds "9"]
[EventCountry "ENG"]
[EventCategory "12"]
[SourceTitle "CBM 093"]
[Source "ChessBase"]
[SourceDate "2003.04.01"]
[SourceVersion "1"]
[SourceVersionDate "2003.04.01"]
[SourceQuality "1"]

1. d4 Nf6 2. c4 e6 3. Nf3 b6 4. g3 Ba6 5. b3 Bb4+ 6. Bd2 Be7 7. Bg2 c6 8. O-O (
8. Bc3 d5 9. Ne5 Nfd7 10. Nxd7 Nxd7 11. Nd2 O-O 12. O-O Rc8 13. e4 c5 14. exd5
exd5 15. dxc5 dxc4 16. c6 cxb3 17. Re1 Bb5 18. axb3 Bxc6 19. Bxc6 Rxc6 20. Rxa7
Bf6 21. Nc4 Nc5 22. Qxd8 Rxd8 23. Bxf6 Rxf6 24. b4 $1 $14 {Karpov,An-Beliavsky,
A/Linares/1993}) 8... d5 9. Qc2 Nbd7 10. Rd1 O-O 11. Bf4 (11. a4 Bd6 12. a5 Qe7
13. Bf4 Bxf4 14. gxf4 c5 15. Ne5 Rfc8 16. Qb2 cxd4 17. Rxd4 Rab8 18. Nc3 bxa5
$1 $13) 11... Rc8 (11... Nh5 12. Bc1 Nhf6 13. Bf4 Rc8 14. Nc3 Nh5 15. Bc1 Nhf6
16. Bf4 Nh5 17. Bc1 Nhf6 18. e4 dxc4 19. Bf4 b5 20. bxc4 bxc4 21. Rab1 Qa5 22.
Bd2 Qc7 23. Bf4 Qa5 24. Bd2 Qc7 25. Bf4 $13 {1/2-1/2 Lobron,E-Schandorff,L/
Germany 2001}) 12. Nc3 h6 $5 {This move is a novelty leadin to complicated
strategical struggle.} (12... dxc4 13. Nd2 b5 14. bxc4 bxc4 15. Qa4 Bb5 16.
Nxb5 cxb5 17. Qxb5 Qb6 $13 {Delchev,A-Beliavsky,A/Moscow 2001}) (12... Nh5 13.
Bc1 Nhf6 (13... f5 14. a4 Bb4 15. a5 bxa5 16. c5 Qc7 (16... Nhf6 17. Na2 Bb5
18. Nxb4 axb4 19. Rxa7 Ra8 20. Rxa8 Qxa8 21. Bb2 $14 {Sasikiran,K-Barua,D/
Mumbai 2003}) 17. Bd2 Qb8 18. e3 e5 19. dxe5 Nxe5 20. Nxe5 Qxe5 21. Na2 Bxd2
22. Qxd2 $14 {Nielsen,P-Stefansson,H/Malmo 2002}) 14. e4 (14. Bb2 dxc4 15. bxc4
Bxc4 16. Ne5 Nxe5 17. dxe5 Nd5 18. Ne4 $1 $36 {Bacrot,E-Lautier,J/Paris 2002})
14... dxc4 15. Nd2 (15. Bf4 Bb4 16. Nd2 c5 17. d5 e5 18. Bg5 cxb3 19. axb3 $16
{[%cal Ga1a7] Nielsen,P-Beliavsky,A/Bled 2002}) 15... b5 16. bxc4 bxc4 17. Na4
c5 18. d5 exd5 19. exd5 Ne5 20. Bb2 Bd6 $13 {Georgiev,K-Mitkov,N/Skopje 2002})
(12... Qe8 $5 13. a4 dxc4 14. bxc4 Bxc4 15. Ne4 Nxe4 16. Qxc4 Bd6 17. Ne5 f5
18. h4 c5 19. Bxe4 cxd4 20. Qxd4 {1/2-1/2 Anand,V-Kramnik,V/Leon 2002}) 13. e4
dxc4 14. Nd2 b5 15. bxc4 bxc4 16. Na4 (16. Qa4 {In the later game white tried
to fight for advantage by 16.Qa4, but also didn't manage to get anything out
of the opening after} Bb5 17. Nxb5 Nb6 18. Qxa7 cxb5 19. Qa6 Na4 $132 {Sriram,
J-Harikrishna,P/Mumbai 2003}) 16... c5 17. d5 exd5 18. exd5 Nh5 19. Be3 Bf6 20.
Rab1 Bd4 $5 {Very strong manouver creating white a weakness on e3.} 21. Nxc4 (
21. Ne4 $5 Bxe3 22. fxe3 Nhf6 23. Nac3 Nxe4 24. Nxe4 Ne5 25. Qc3 Re8 26. Qa3 c3
$1 $132 {[%cal Ga6e2,Ge2f3]}) 21... Bxc4 22. Qxc4 Bxe3 23. fxe3 Qg5 $5 24. e4 (
24. Qc1 Nhf6 25. Nc3 Qh5 26. Qd2 Ng4 27. h3 Nge5 $13) 24... Nhf6 25. Qc1 Qh5
26. Qf4 Ng4 {Bringing the knight to e5.} 27. h3 (27. h4 $5 {[%cal Gg2h3]})
27... Nge5 28. Nc3 Qg6 29. Kh2 c4 $15 {Black pieces take great positions,
however it's still far from being easy to break through.} 30. Rb5 $6 {[%cal
Gd5d6,Gb5d5]} a6 $1 31. Rbb1 Qd6 32. Qe3 Rc5 33. a4 $6 Rcc8 34. Ne2 Kh7 35. Nd4
Rb8 36. Nf5 Qc5 37. Qc3 ({More persistant was} 37. Qxc5 $5 Nxc5 38. Nd4 Rxb1
39. Rxb1 Nxa4 40. Nc6 Nd3 41. e5 Nac5 42. d6 $15) 37... g6 38. Nd4 Rfe8 39. Rf1
Kg8 40. Kh1 Nd3 41. Rxb8 (41. Kh2 Rxb1 42. Rxb1 Nf2 43. Qe3 Nxe4 44. Bxe4 Nf6
45. Qxh6 Nxe4 $19) 41... Rxb8 42. Nc6 Rb2 $17 43. e5 $2 {[%csl Rd5]} (43. a5)
43... Rxg2 $1 44. e6 fxe6 0-1

[Event "FIDE-Wch k.o."]
[Site "Moscow"]
[Date "2001.11.30"]
[Round "2.4"]
[White "Beliavsky, Alexander G"]
[Black "Delchev, Aleksander"]
[Result "1/2-1/2"]
[WhiteElo "2668"]
[BlackElo "2634"]
[Annotator "Finkel,A"]
[PlyCount "122"]
[EventDate "2001.11.27"]
[EventType "k.o."]
[EventRounds "7"]
[EventCountry "RUS"]
[SourceTitle "CBM 086"]
[Source "ChessBase"]
[SourceDate "2002.02.05"]
[SourceVersion "1"]
[SourceVersionDate "2002.02.05"]
[SourceQuality "1"]

1. d4 Nf6 2. c4 e6 3. Nf3 b6 4. g3 Ba6 {Winants: L'une des nombreuses
inventions de Nimzovich : la mobilisation du Fou en g2 est contrée par une
démonstration sur l'aile opposée.} 5. b3 Bb4+ 6. Bd2 (6. Nbd2 Bc3 7. Rb1 Bb7)
6... Be7 {Les Noirs ont empêché la sortie du Fou en b2 et surtout bloqué la
case d2 aux dépens du Cavalier. Ils envisagent donc de poursuivre les
hostilités contre c4.} 7. Bg2 c6 8. Bc3 d5 9. Ne5 {Winants: Pour dégager la
grande diagonale et préparer une percée au centre (e4).} ({Après} 9. Nbd2 {
le jeu se poursuivrait par} Nbd7 10. O-O O-O 11. Re1 c5 $1 {avec des chances
partagées.}) 9... Nfd7 10. Nxd7 Nxd7 11. Nd2 O-O 12. O-O Nf6 {Winants: Le
dernier cri dans cette variante : les Noirs se réservent la possibilité de
miner le centre adverse via ...c5 ou ...b5.} (12... Rb8 13. Bb2 f5 14. Qc2 b5
15. c5 Bf6 16. b4 Qc7 17. Nf3 Bc8 $13 {Milos,G-Kunte,A/New Delhi/Theran 2000/
CBM 80}) 13. Qc2 $5 {Another attempt to fight for opening advantage in one of
the main lines of queens indian defense. However with accurate play black
manages to neutralize white's initiative.} (13. Re1 c5 14. dxc5 Bxc5 15. e3 Rc8
16. a4 (16. Bxf6 Qxf6 17. cxd5 exd5 18. a3 {Une précaution utile.} Rfd8 19. b4
Bf8 20. Nf3 Bc4 21. Qd2 {Il est possible que Karpov ait considéré cette
position а son avantage, compte tenu du pion isolé sur d5 et de l'avant-poste
pour le Cavalier en d4. Or justement, le Fc4 est, lui aussi, fort bien
installé et on ne voit pas comment les Tours blanches pourraient se montrer
actives.} b5 {Non seulement pour renforcer c4, mais aussi pour accroître le
potentiel de l'artillerie sur la sixième rangée.} 22. Nd4 g6 $13 {Karpov,
A-Anand,V/Leon 1999/CBM 72 Ouvrant de nouvelles perspectives au Foou de cases
noires.}) 16... Be7 17. Bf1 Bb7 18. a5 dxc4 19. bxc4 Qc7 $15 {Belunek,
V-Berezjuk,S/CZE 1999/EXT 2001}) ({Quelques suites instructives :} 13. e4 b5
14. Re1 {menaçant 15.e5 suivi de c5 avec étouffement.} dxe4 {profitant encore
du fait que le Cd2 est lié а la défense du pion c4.} 15. Qc2 (15. Rc1 Rc8 16.
c5 b4 $1 ({après} 16... Nd5 17. Rxe4 {etc., le Fa6 se retrouverait hors du jeu,
Karpov-Portisch, Rotterdam 1989}) 17. Bb2 {forcé} ({si} 17. Bxb4 Nd5) 17... Bd3
18. Nxe4 Bxe4 19. Bxe4 Qd7 20. Rc4 a5 21. Bc1 Nd5 {avec égalité,
Yussupov-Karpov, Londres 1989}) 15... Rc8 16. Rad1 Nd5 $3 17. Bxe4 Nxc3 18.
Qxc3 Bf6 19. Qc2 g6 20. Nf3 bxc4 21. bxc4 Qa5 {et les Noirs sont bien.}) 13...
Rb8 $5 ({May be even better was natural} 13... Rc8 $5 {,but also a move in the
game seems to promise black sufficient counterchanses.}) 14. Bb2 c5 15. dxc5
Bxc5 16. e4 (16. Rad1 Qe7 17. e4 dxc4 18. Nxc4 Rfd8 $13) 16... dxc4 17. Nxc4
Rc8 18. Rad1 Qe7 19. e5 Nd5 20. Qe4 ({Of course not} 20. Bxd5 $2 exd5 21. Rxd5
Bb7 22. Rd2 Qe6 $17 {[%cal Ge6h3,Ge6c6] and white faces serious problems over
the diagonal a8-h1.}) 20... Bb4 21. Rc1 b5 22. Nd6 $5 {The only way to keep
the position alive.} (22. Ne3 Bb7 23. Nxd5 Bxd5 24. Qe2 Bxg2 25. Kxg2 Qb7+ $11)
22... Bxd6 23. exd6 Qxd6 24. Qd4 f6 25. Qxa7 b4 {Strong knight on d5 and
active bishop are enough to keep the position equal.} 26. Rfd1 (26. Rxc8 Rxc8
27. Rd1 $5) 26... Rxc1 27. Bxc1 Be2 28. Re1 (28. Rd2) 28... Nc3 29. a4 bxa3 30.
Bxa3 Qd2 31. Ra1 Rd8 32. Qe7 Qd7 33. Bh3 ({White gets nothing after} 33. Qxd7
Rxd7 34. Bc5 f5 35. Re1 Ba6 $11 {[%cal Ga6b7]}) 33... f5 34. Qb4 Ne4 35. Bg2
Qd1+ $1 36. Qe1 ({After} 36. Rxd1 Rxd1+ 37. Bf1 Rxf1+ 38. Kg2 Rxf2+ 39. Kg1 (
39. Kh3 $2 Bg4+ 40. Kh4 Rxh2#) 39... Rf1+ 40. Kg2 Rf2+ $11 {black may force a
draw by perpetual.} (40... h6 $5 $13)) 36... Qxe1+ 37. Rxe1 Rd2 38. Bc1 (38.
Bxe4 $11) 38... Rc2 39. Be3 h6 40. h4 Nc3 41. b4 $6 {Once black bishop comes
to d5 white's chanses to win the game are minimal.} (41. Ra1 $5 $14 {[%csl Rg7]
[%cal Ga1a7,Ge3d4]}) 41... Bc4 $1 42. Kh2 Bd5 43. Bf1 Ne4 44. Kg1 Nd2 45. Bxd2
Rxd2 46. Rb1 Ba2 47. Rc1 Rb2 48. b5 Kf7 {At this point a draw could be agreed,
but Beliavsky is famous for his great fighting spirit!} 49. Bd3 Bd5 50. Kf1 g5
51. hxg5 hxg5 52. Ke1 Ke7 53. Rc8 Kd6 54. Rg8 Ke5 (54... g4 $5) 55. Rxg5 Kd4
56. Bxf5 $6 (56. Be2 Rb1+ 57. Kd2 Rb2+ $11) 56... exf5 57. Rxf5 Rxb5 58. g4
Rb1+ 59. Kd2 Rb2+ 60. Kc1 Re2 $15 61. g5 Re5 1/2-1/2

[Event "EU-chT (Men) 13th"]
[Site "Leon"]
[Date "2001.11.10"]
[Round "5.4"]
[White "Halkias, Stelios"]
[Black "Greenfeld, Alon"]
[Result "1/2-1/2"]
[WhiteElo "2519"]
[BlackElo "2581"]
[Annotator "Finkel,A"]
[PlyCount "123"]
[EventDate "2001.11.06"]
[EventType "team-swiss"]
[EventRounds "9"]
[EventCountry "ESP"]
[SourceTitle "CBM 086"]
[Source "ChessBase"]
[SourceDate "2002.02.05"]
[SourceVersion "1"]
[SourceVersionDate "2002.02.05"]
[SourceQuality "1"]
[WhiteTeam "Greece"]
[BlackTeam "Israel"]
[WhiteTeamCountry "GRE"]
[BlackTeamCountry "ISR"]

1. d4 Nf6 2. c4 e6 3. Nf3 b6 4. g3 Ba6 5. Qb3 Nc6 $5 6. Nbd2 Bb7 (6... Bb4 7.
d5 Bxd2+ 8. Bxd2 Na5 9. Qa4 Ne4 10. Bxa5 bxa5 11. dxe6 fxe6 12. Bg2 $16 {
[%csl Ra5] Vaganian,R-Nogueiras,J/Montpellier 1985/Candidates}) 7. e3 (7. e4 a5
(7... Be7 8. d5 exd5 9. cxd5 Nb4 10. a3 Na6 11. Qc2 O-O 12. Be2 Rc8 13. O-O Re8
14. b4 $14 {Stajcic,N-Grabuzova,T/Pardubice 1993/TD}) (7... Na5 8. Qe3 (8. Qc2
Bb4 9. Bd3 c5 10. dxc5 Bxc5 11. O-O Rc8 12. Qd1 Ng4 13. a3 Qf6 14. Rb1 Nc6 15.
b4 $14 {Barlov,D-Benjamin,J/New York 1987/CBM 02}) 8... Be7 9. Bd3 O-O 10. O-O
d5 11. cxd5 exd5 12. e5 Ne8 13. b4 Bxb4 14. Ng5 g6 15. Ndf3 Nc4 16. Qf4 $40 {
Chekhov,V-Vyzmanavin,A/Tashkent 1987/EXT 2000}) (7... d5 8. cxd5 exd5 9. e5 Ne4
10. Bd3 Nb4 11. Bb1 c5 12. O-O Rc8 13. a3 c4 14. Qe3 Nd3 15. Bxd3 cxd3 16. Qxd3
$14 {Stohl,I-Hracek,Z/CZE 1998/EXT 99}) 8. a3 a4 9. Qc2 Na5 10. Bd3 Nb3 11.
Nxb3 axb3 12. Qe2 Be7 13. e5 Ng4 14. h3 Nh6 15. Be4 $14 {Stajcic,N-Lejlic,S/
Bled 1993/TD}) 7... Na5 8. Qa4 {Queen has nothing to do on a4 so may be white
should have prefered 8.Qc2, although it's hard to believe that white may get
an opening advantage after this move.} (8. Qc2 $5) 8... c5 $11 9. dxc5 (9. Bg2
cxd4 10. exd4 Rc8 11. O-O Be7 {[%csl Ra4]} 12. Ne5 Bxg2 13. Kxg2 O-O 14. b4 $13
) 9... Bxc5 10. Bg2 Rc8 11. O-O Be7 {It turns out that it's not so easy for
white to complete the development!} 12. b4 $5 (12. Nd4 Bxg2 13. Kxg2 O-O 14.
Rd1 d5 $15) 12... Nxc4 13. Nxc4 Rxc4 14. Qxa7 Bd5 15. Bb2 $6 ({Better was} 15.
a3 Rc8 {[%csl Ra7]} (15... O-O 16. Bb2) 16. Qa4 Ra8 17. Qb5 Bc6 18. Qe5 d6 19.
Qb2 $11 {and white keeps equal chanses, which is quiet an acievment after his
opening experement.}) 15... Bxb4 16. Bd4 O-O 17. Ne5 $2 {Now white is just a
pawn down with no compensation for it.} (17. Bxb6 Qa8 18. Qxa8 Rxa8 19. Bd4 Rc2
20. a4 (20. Bxf6 gxf6 21. Nd4 Bxg2 22. Kxg2 Rcxa2 $17) 20... Ne4 $15) 17... Rc7
$1 18. Qa6 (18. Qxb6 $2 Bxg2 19. Kxg2 Qa8+ 20. f3 Rb7 $19 {[%csl Rb6]}) 18...
Bxg2 19. Kxg2 Bc5 20. Rfd1 Nd5 $6 ({I like} 20... Qa8+ 21. Qxa8 Rxa8 22. Bxc5
bxc5 $17 {and it's hard to believe that white may hold this position.}) 21.
Bxc5 Rxc5 22. e4 Ne3+ 23. fxe3 Rxe5 24. Qb7 $1 Qg5 (24... Qa8 25. Rxd7 Qxb7 26.
Rxb7 Rxe4 27. Rxb6 Rxe3 28. a4 $17) 25. Qxb6 Rxe4 26. Rxd7 Rxe3 27. Rf1 Re2+
28. Rf2 Rxf2+ 29. Qxf2 Qb5 30. Ra7 Qd5+ 31. Qf3 Qd4 (31... Qxf3+ 32. Kxf3 g5
33. a4 Rd8 34. a5 Kg7 $15) 32. Qf2 Qd5+ 33. Qf3 Qc4 $6 {Black had to trade
queens which would leave him with some winning chanses, while in the queens
ening white easily holds the position due to a-pawn.} 34. Ra8 g5 35. a4 g4 36.
Rxf8+ Kxf8 37. Qa3+ Ke8 38. a5 Qa6 39. h3 h5 40. hxg4 hxg4 41. Qa4+ Ke7 42.
Qb4+ Kd7 43. Qd4+ Kc6 44. Qe4+ Kb5 45. Qe5+ Kb4 46. Qe1+ Kb5 47. Qe5+ Kc6 48.
Qe4+ Kd7 49. Qd4+ Qd6 50. Qa7+ Qc7 51. Qd4+ Ke8 52. Qa4+ Qd7 53. Qa3 Qc6+ 54.
Kf2 Qc2+ 55. Kg1 Qd1+ 56. Kf2 Qd2+ 57. Kf1 Qd1+ 58. Kf2 Qd4+ 59. Kg2 Qe4+ 60.
Kf2 Qc2+ 61. Kg1 Qd1+ 62. Kf2 1/2-1/2

[Event "FIDE-Wch k.o."]
[Site "Moscow"]
[Date "2001.11.27"]
[Round "1.1"]
[White "Avrukh, Boris"]
[Black "Macieja, Bartlomiej"]
[Result "0-1"]
[WhiteElo "2606"]
[BlackElo "2582"]
[Annotator "Finkel,A"]
[PlyCount "98"]
[EventDate "2001.11.27"]
[EventType "k.o."]
[EventRounds "7"]
[EventCountry "RUS"]
[SourceTitle "CBM 086"]
[Source "ChessBase"]
[SourceDate "2002.02.05"]
[SourceVersion "1"]
[SourceVersionDate "2002.02.05"]
[SourceQuality "1"]

1. d4 Nf6 2. c4 e6 3. Nf3 b6 4. g3 Ba6 5. b3 Bb4+ 6. Bd2 Be7 7. Nc3 O-O 8. Qc2
d5 (8... c5 9. d5 exd5 10. cxd5 d6 11. e4 Bxf1 12. Kxf1 Nbd7 13. Kg2 Re8 14.
Rhe1 Bf8 15. Rad1 $14 {Novikov,I-Gurevich,V/Kherson 1989/CBM 16}) 9. cxd5 exd5
(9... Nxd5 10. Bg2 (10. Rd1 c5 11. dxc5 bxc5 12. Bg2 Nc6 13. O-O Rc8 14. Rfe1
Nd4 $13 {Nikolic,P-Sax,G/Wijk aan Zee 1989/CBM 11}) 10... Nd7 (10... c5 11. O-O
Nc6 12. Nxd5 exd5 13. Bc3 Bf6 14. Rfd1 Qe7 $11 {Vyzmanavin,A-Hellers,F/
Stockholm 1990/EXT 97}) 11. O-O Rc8 12. Rfd1 c5 13. Qb2 N7f6 (13... Bb7 14. e4
(14. Rac1 N7f6 15. Nxd5 Bxd5 16. dxc5 Rxc5 {1/2-1/2 Nikolic,P-Ehlvest,J/
Skelleftea 1989/CBM 14 (16)}) 14... Nb4 15. Be3 Qe8 16. a3 Nc6 17. d5 exd5 18.
exd5 Na5 19. Re1 $14 {Ivanchuk,V-Ehlvest,J/Tallinn 2000/CBM 74 ext}) 14. dxc5
bxc5 15. Rac1 Qb6 16. Ne5 Qb8 17. Nxd5 exd5 18. Bf4 $14 {Eingorn,V-Shneider,A/
Leningrad 1990/URS-ch}) 10. Bg5 $5 {A new approuch in this particular position.
However the idea itself is typical for this kind of positions.} (10. Bg2 Bb7 (
10... c5 11. Rd1 Nc6 12. Be3 Ng4 13. Nxd5 Nxe3 14. Nxe3 Nxd4 15. Qe4 $14 {
Lerner,K-Wells,P/Graz 1995/EXT 98}) 11. Ne5 Na6 12. O-O Qc8 13. Bg5 Rd8 14.
Rfd1 h6 15. Be3 Qe6 16. Nd3 {1/2-1/2 Georgiev,K-Psakhis,L/Manila 1992/TD (16)})
10... Nbd7 11. e3 $5 (11. Bg2 c5 12. O-O Rc8 $132) 11... Bxf1 12. Kxf1 h6 13.
Bxf6 Nxf6 14. Kg2 Qc8 15. Rhd1 Rd8 16. Rac1 Qa6 $5 {So far both side made very
logical and natural moves. The idea behind the last move of black is also
quiet logical- he intends to transer c5, which was impossible right away.} (
16... c5 $6 17. dxc5 bxc5 18. Na4 Ne4 19. Nd2 Nxd2 20. Rxd2 {[%csl Rc5]} d4 21.
exd4 Qb7+ 22. d5 $1 Rxd5 23. Qe4 $16 {[%cal Ge4b7]}) (16... Qe6 $2 17. Nb5 {
[%csl Rc7]} Rdc8 18. Nxc7 Qd7 19. Nxa8 Rxc2 20. Rxc2 Bd8 21. Rdc1 $16) 17. Ne5
Ba3 18. Rb1 c5 19. Nc6 $5 Re8 20. b4 cxb4 (20... b5 $2 21. bxc5 Qxc6 22. Nxb5 {
[%csl Ra3]} Qa6 23. Rb3 $18) 21. Nxb4 Qc8 $5 22. Qd3 Bxb4 23. Rxb4 h5 $6 {
This plan braught black success in the game, but better was} (23... Qe6 $13 {
[%cal Ge8c8,Gc8c6,Ga8c8] with unclear position}) 24. Ne2 (24. h3 $5 Qe6 (24...
h4 25. g4 Qe6 (25... Nxg4 $2 26. hxg4 (26. Nxd5 $5) 26... Qxg4+ 27. Kh2 Rac8
28. Qe2 $16) 26. Rbb1 Rac8 $11)) 24... h4 25. f3 Qe6 26. Rb3 {[%cal Ge2f4]} g5
27. h3 $6 {Losing a thread! After logical} (27. gxh4 $1 gxh4 (27... g4 $6 28.
Rg1 gxf3+ (28... Kh8 29. Nf4) 29. Kxf3+ Kh8 30. Nf4 Qd7 31. Rg5 $1 $16) 28. Nf4
Qd7 29. Kf2 $14 {[%cal Gd1g1,Gg1g5] white would have chanses to punish black
for his advanterous play}) 27... Nh5 $1 $13 28. gxh4 $6 {Another inaccuracy
after which white has to be very carefull not to find himself in troubles.} (
28. g4 Nf4+ 29. Nxf4 gxf4 30. Re1 (30. exf4 $2 Qe2+ 31. Qxe2 Rxe2+ 32. Kg1 Rc8
$17) 30... fxe3 31. Qxe3 Qxe3 (31... Qd6 $2 32. Qg5+ $16) 32. Rbxe3 Rxe3 33.
Rxe3 Rc8 $11) 28... Nf4+ $1 29. Nxf4 gxf4 30. exf4 Kh8 $5 $44 {White is two
pawns up, (but what pawns!) but insecure position of his king gives black more
than sufficient counterplay.} 31. f5 (31. Kh2 Qe2+ $1 32. Qxe2 Rxe2+ 33. Kh1
Rc8 $15 {[%cal Gc8c2]}) (31. Rd2 $5) 31... Qd6 32. Qd2 Kh7 $1 {[%csl Gh6]} 33.
Kh1 Qg3 34. Rg1 $6 (34. Qg2 Qxg2+ 35. Kxg2 Re2+ 36. Kg3 Rxa2 37. Rc3 $13) 34...
Qxh3+ 35. Qh2 Qxf5 $15 {A material balance has been restored and white is left
with all problems of his position for free!} 36. Qd2 Rac8 37. Qd3 $6 Qxd3 38.
Rxd3 Rc2 39. a3 Ree2 $19 {Black rooks are enormously strong!} 40. Rgd1 (40. Rg4
f5 41. Rg5 Re1+ 42. Rg1 Rxg1+ 43. Kxg1 f4 $19 {[%cal Gh7h4,Gh4g3]}) 40... Kg6
41. Rb3 Kf5 42. Rb5 Kf4 43. Rxd5 f6 $1 {[%cal Gf4g3]} 44. Rd8 Rh2+ 45. Kg1
Rcg2+ 46. Kf1 Rg3 47. Rd6 f5 48. Rd3 Rh1+ 49. Kf2 Rhg1 {[%cal Gg3g2]} 0-1